000 00832nam a2200241Ia 4500
999 _c44578
_d44578
001 11381
003 GE_BSU
005 20221117102428.0
008 181216s1994en xx |||||||||||||| ||eng||
020 _a9780750703376 X
040 _cGE_BSU
041 _aeng
080 _a378.25 A-84
100 _aAshcroft, Kate.
_915862
245 _aManaging Teaching and Learning in Further and Higher Education /
_cKate Ashcroft, Lorraine Foreman Peck.
264 _aLondon.ress,
_bThe Falmer P
_c1994.
300 _a215 p.:
_b24 cm.
520 _aშემოსულია ტემპუსის პროქტით.
653 _aManaging Teaching and Learning in Further and Higher Education.
653 _aტემპუსის პროქტით
700 _aForeman Peck, Lorraine
_915863
942 _cBK
_2udc